Effect of dried and ensiled cassava leaves on the diet digesibilty of landrace pigs, (ឥទ្ធិពលនៃស្លឹកដំឡូងឈើផ្អាប់ និងហាលលើការរំលាយអាហាររបស់ជ្រូកពូជឡែនដ្រេស) (Record no. 2750)

000 -LEADER
fixed length control field 00660nam a22001577a 4500
003 - CONTROL NUMBER IDENTIFIER
control field OSt
005 - DATE AND TIME OF LATEST TRANSACTION
control field 20151026161303.0
008 - FIXED-LENGTH DATA ELEMENTS--GENERAL INFORMATION
fixed length control field 151026b xxu||||| |||| 00| 0 eng d
040 ## - CATALOGING SOURCE
Transcribing agency RUA
082 ## - DEWEY DECIMAL CLASSIFICATION NUMBER
Classification number VMF PHO 2003 B112 Or.1
100 ## - MAIN ENTRY--PERSONAL NAME
9 (RLIN) 2933
Personal name PHON CHANSOHAL
245 ## - TITLE STATEMENT
Title Effect of dried and ensiled cassava leaves on the diet digesibilty of landrace pigs, (ឥទ្ធិពលនៃស្លឹកដំឡូងឈើផ្អាប់ និងហាលលើការរំលាយអាហាររបស់ជ្រូកពូជឡែនដ្រេស)
260 ## - PUBLICATION, DISTRIBUTION, ETC. (IMPRINT)
Place of publication, distribution, etc. Phnom Penh
Name of publisher, distributor, etc. Rua
Date of publication, distribution, etc. 2003
300 ## - PHYSICAL DESCRIPTION
Extent v; 43p.
Other physical details ill.
Dimensions 29cm.
942 ## - ADDED ENTRY ELEMENTS (KOHA)
Source of classification or shelving scheme
Koha item type VTF
Holdings
Price effective from Date last seen Permanent Location Not for loan Date acquired Source of classification or shelving scheme Koha item type Lost status Withdrawn status Date last checked out Total Checkouts Shelving location Damaged status Barcode Current Location Full call number
2015-10-262015-10-26Library Block B 2015-10-26 VTF    B112 RUA016961Library Block BVTF PHO 2003 B112 Or.1
2015-10-262015-10-26Library Block B 2015-10-26 VTF    B112 RUA016669Library Block BVTF PHO 2003 B112 Or.2
2015-10-262015-10-26Library Block B 2015-10-26 VTF    B112 RUA016536Library Block BVTF PHO 2003 B112 Or.3
2015-10-262015-10-26Library Block B 2015-10-26 VTF    B112 RUA016960Library Block BVTF PHO 2003 B112 Or.4
2015-10-262018-08-21Library Block B 2015-10-26 VTF  2018-08-071B112 RUA016763Library Block BVTF PHO 2003 B112 Or.5
មជ្ឈមណ្ឌលឯការនៃសាកលវិទ្យាល័យភូមិន្ទកសិកម្មចំការដូង

Powered by Koha